Architecture From Prehistory to Post- Modernism / the Western Tradition (Record no. 876)

000 -LEADER
fixed length control field 00288nam a2200097Ia 4500
008 - FIXED-LENGTH DATA ELEMENTS--GENERAL INFORMATION
fixed length control field 200302s9999 xx 000 0 und d
100 ## - MAIN ENTRY--PERSONAL NAME
Personal name Marvin Trachtenberg
245 ## - TITLE STATEMENT
Title Architecture From Prehistory to Post- Modernism / the Western Tradition
260 ## - PUBLICATION, DISTRIBUTION, ETC.
Name of publisher, distributor, etc. Academy Group. Ltd.
300 ## - PHYSICAL DESCRIPTION
Extent 606 P.,
Holdings
Withdrawn status Lost status Damaged status Not for loan Permanent Location Current Location Date acquired Cost, normal purchase price Full call number Barcode Date last seen Price effective from Koha item type
        BMS College of Architecture, Design and Planning BMS College of Architecture, Design and Planning 2020-03-03 2600.00 720 CL-UG33965 2020-03-03 2020-03-03 UG Books from CL
Copyright © 2025, The Librarian, Library and Information Centre, BMSCA D&P, Bengaluru. All Rights Reserved
web counter

Powered by Koha